000 00777cam a2200193 i 4500
005 20251221121534.0
008 250721r2016 ua gr 000 0 ara d
082 1 4 _a218.2
_bغ ز ا
100 1 _aالغزالي، ابي حامد
_d(450 - 505)ه،
_eمؤلف.
245 1 0 _aبداية الهداية /
_cلحجة الاسلام ابي حامد الغزالي ؛ اعتنى به ضياء الدين ابراهيم عبد اللطيف.
246 1 0 _aالطبعة الاولى.
264 3 1 _aالقاهرة :
_bشركة القدس للنشر والتوزيع،
_c2016.
300 _a119صفحة.
650 1 7 _aالاسلام.
650 1 7 _aالتربية الدينية.
650 1 7 _aالاداب الاسلامية.
942 _2ddc
_cBK
999 _c135465
_d135465